Communication emotion at work / (Record no. 1899)

MARC details
000 -LEADER
fixed length control field 00601nam a22001937a 4500
005 - DATE AND TIME OF LATEST TRANSACTION
control field 20230317064304.0
008 - FIXED-LENGTH DATA ELEMENTS--GENERAL INFORMATION
fixed length control field 230317b |||||||| |||| 00| 0 eng d
020 ## - INTERNATIONAL STANDARD BOOK NUMBER
International Standard Book Number 978-0-7456-4896-5
082 ## - DEWEY DECIMAL CLASSIFICATION NUMBER
Classification number 658.45 W167 2012
100 ## - MAIN ENTRY--PERSONAL NAME
Personal name Waldron, Vincent R.
Relator term author
245 ## - TITLE STATEMENT
Title Communication emotion at work /
Statement of responsibility, etc. Vincent R, Waldron
260 ## - PUBLICATION, DISTRIBUTION, ETC.
Place of publication, distribution, etc. Cambridge:
Name of publisher, distributor, etc. Polity Press,
Date of publication, distribution, etc. c2012.
300 ## - PHYSICAL DESCRIPTION
Extent xvi, 194p.
504 ## - BIBLIOGRAPHY, ETC. NOTE
Bibliography, etc. note Includes bibliographical references and index
541 ## - IMMEDIATE SOURCE OF ACQUISITION NOTE
Accession number 4792
650 ## - SUBJECT ADDED ENTRY--TOPICAL TERM
Topical term or geographic name entry element Communication - Management
650 ## - SUBJECT ADDED ENTRY--TOPICAL TERM
Topical term or geographic name entry element Communication - Psychological aspects
650 ## - SUBJECT ADDED ENTRY--TOPICAL TERM
Topical term or geographic name entry element Emotions
Holdings
Withdrawn status Lost status Source of classification or shelving scheme Damaged status Not for loan Home library Current library Date acquired Total Checkouts Full call number Barcode Date last seen Copy number Price effective from Koha item type
    Dewey Decimal Classification     ctu-moalboal ctu-moalboal 05/06/2016   658.45 W167 2012 4792 03/17/2023 1 03/17/2023 Books-Reference